000 00365nam a2200157Ia 4500
003 0STCL
008 150530s9999 xx 000 0 und d
040 _aSTCL
_cSTCL
100 _aSastri, P.S.
245 _aPreface to shakespeare
260 _bLakshmi Narain Agarwal
_c1969
546 _aEnglish
942 _2ddc
_cBK
999 _c60111
_d60111
005 20220125171129.0